Statistiques concernant Manchester United - Joueurs à plus de 100 matchs

Cliquez ici pour prendre le quiz!

Statistiques générales

  • Ce quiz a été pris 1 496 fois
    (558 depuis la dernière actualisation)
  • Le résultat moyen est 23 sur 47

Statistiques - réponses

PJoueursMatchs% Correct
AWayne Rooney559
94%
GDavid De Gea545
93%
ACristiano Ronaldo346
91%
DRio Ferdinand455
85%
MRyan Giggs963
85%
AMarcus Rashford359
84%
MPaul Scholes718
83%
DNemanja Vidic300
77%
DHarry Maguire175
76%
MPaul Pogba233
75%
GEdwin Van der Sar266
74%
AAnthony Martial298
73%
DPatrice Evra379
71%
MBruno Fernandes185
70%
DLuke Shaw260
67%
ARobin Van Persie105
57%
DAaron Wan-Bissaka166
55%
DGary Neville601
53%
MMichael Carrick464
52%
ANani230
52%
MScott McTominay209
51%
AAntonio Valencia339
49%
DVictor Lindelof231
47%
DDiogo Dalot107
40%
AJuan Mata285
40%
APark Ji-Sung204
40%
DPhil Jones229
40%
MFred213
38%
DJonathan Evans198
37%
DChris Smalling324
35%
ADimitar Berbatov149
33%
MNemanja Matic189
31%
DEric Bailly113
30%
MMarouane Fellaini177
30%
MJesse Lingard232
28%
DAshley Young261
27%
DRafael170
24%
MAnderson180
23%
AJavier Hernandez158
22%
AMason Greenwood129
22%
MAnder Herrera189
21%
MDarren Fletcher340
21%
DJohn O'Shea393
18%
DMarcos Rojo122
18%
DWes Brown361
16%
ADanny Welbeck142
14%
DDaley Blind141
13%

Distribution des résultats

Percentile par nombre de réponses

% des personnes avec chaque résultat

Votre développement - résultats

Vous n’avez pas pris ce quiz depuis la dernière actualisation